Toulky tropickou Amerikou. [Díl] 1, Přes Kordillery /

Hlavní autor: Erben, Josef Ladislav, 1888-1958
Jazyk: Čeština
Vydáno: V Praze : Česká grafická Unie, 1948
Vydání: První vydání
Edice: Země a lidé (Unie)
Externí odkaz: Digitalizovaný dokument
Fyzický popis: 215, [I] s. : [XXIV] s. obr. příl. ; 8°
Knihy
Uloženo v:
LEADER 01062nam a22002772a 4500
001 000222923
003 CZ BrMZK
005 20250613084853.0
007 ta
008 950101s1948 xr af f cze d
015 |a cnb000711244 
035 |a (OCoLC)85429676 
040 |a ABA001  |b cze  |c PNA001  |d ABA001 
100 1 |a Erben, Josef Ladislav,  |d 1888-1958  |7 jk01030531  |4 aut  |4 pht 
245 1 0 |a Toulky tropickou Amerikou.  |n [Díl] 1,  |p Přes Kordillery /  |c Josef L. Erben ; [S 65 původními snímky autorovými] 
246 3 0 |a Přes Kordillery 
250 |a První vydání 
260 |a V Praze :  |b Česká grafická Unie,  |c 1948 
300 |a 215, [I] s. :  |b [XXIV] s. obr. příl. ;  |c 8° 
490 1 |a Země a lidé ;  |v sv. 127 
830 0 |a Země a lidé (Unie)  |0 s 
856 4 1 |u https://www.digitalniknihovna.cz/mzk/view/uuid:2e96d680-e7ef-11ec-b6cb-005056827e51  |x NDK  |y Digitalizovaný dokument 
910 |a BOA001  |b 2-0059.560,127 
990 |a BK 
991 |b 201008 
996 7 |b 2619914376  |c 2-0059.560,127  |l MZK  |r Sklad / do 24 hodin  |n 1  |w 000222923  |u 000010  |a 1  |e BOA001  |j MZK50  |s A